00621nam a2200205 a 45000010005000000030009000050050017000140080041000310200015000720400028000870820016001151000025001312450088001562500012002442600052002563000045003086500016003537000024003697000022003934696BD-DhUAP20201224144708.0201224s1986 nyua 001 0 eng d a025603415X aDLCcDLCdBD-DhUAPbeng00a657 HER223 aHermanson, Roger H. 00aAccounting principles /cRoger H. Hermanson, James Don Edwards and R. F. Salmonson. a3rd ed. aPlano, Texas : bBusiness Publications,cc1986. avarious pages :billustrations ;c26 cm. 0aAccounting. aEdwards, James Don. aSalmonson, R. F.